Statistiken für Bevölkerungsreichste Städte um Mainz

Klicken Sie hier um das Quiz zu spielen!

Allgemein

  • Dieses Quiz wurde 66 mal gespielt
  • Das Durchschnittsergebnis liegt bei 5 aus 10

Antwortstatistiken

Einwohner (2021)Ort/Stadt% Korrekt
25.757Bingen
93%
35.486Ingelheim
82%
19.082Alzey
69%
51.695Bad Kreuznach
69%
10.348Nieder-Olm
47%
8.625Nierstein
47%
7.571Oppenheim
44%
6.878Gau-Algesheim
29%
8.189Wörrstadt
27%
9.528Osthofen
18%

Verteilung der Resultate

Perzentil nach korrekt beantworteten Fragen

Anzahl Personen mit jedem Resultat

Ihre Resultats-Entwicklung

Sie haben dieses Quiz noch nicht gespielt